[Event "23rd Hampstead: U2200"]
[Site "London, England"]
[Date "2014.11.30"]
[Round "4"]
[White "Verma, Aditya"]
[Black "Landau, Jonathan"]
[Result "0-1"]
[WhiteElo "1611"]
[BlackElo "1966"]

1. e4 e5 2. Nf3 Nc6 3. d4 exd4 4. Nxd4 Qh4 5. Nc3 Bb4 6. Be3 Nf6 7. Nxc6 Bxc3+
8. bxc3 dxc6 9. e5 Ng4 10. Qd4 Qe7 11. f4 Bf5 12. Bd3 Rd8 13. Qc5 Qxc5 14.
Bxc5 Bxd3 15. cxd3 b6 16. Bg1 Rxd3 17. Bd4 c5 18. Ke2 c4 19. Rab1 c5 20. Bxc5
bxc5 21. Rb8+ Rd8 22. Rb7 O-O 23. Rxa7 Rb8 24. Kf3 h5 25. h3 Nh6 26. Rd1 Rfd8
27. Rdd7 Rxd7 28. Rxd7 Rb2 29. Rc7 Rc2 30. Rxc5 Rxc3+ 31. Ke4 Rc2 32. a4 g6
33. a5 Ra2 34. Rxc4 Rxa5 35. Rc2 Ra3 36. Rd2 Rg3 37. Kd5 Nf5 38. e6 Ne3+ 39.
Ke4 fxe6 40. Rd3 Nf5 {#R} 0-1

[Event "23rd Hampstead: U2200"]
[Site "London, England"]
[Date "2014.11.30"]
[Round "4"]
[White "Anbukumar, Hajane"]
[Black "Jain, Gautam"]
[Result "1-0"]
[WhiteElo "1824"]
[BlackElo "1755"]

1. e4 e5 2. Nc3 Nf6 3. g3 d5 4. exd5 Nxd5 5. Bg2 Nxc3 6. bxc3 Nc6 7. Nf3 Bg4
8. h3 Bf5 9. O-O Bd6 10. d4 O-O 11. Nh4 Bd7 12. Rb1 Qc8 13. Kh2 Re8 14. Nf3 e4
15. Ng5 Bf5 16. Re1 e3 17. Bxe3 h6 18. Nf3 Be4 19. c4 Bb4 20. Rf1 Ba5 21. d5
Nb4 22. Rb2 Qf5 23. Nd4 Qf6 24. Bxe4 Rxe4 25. Rb3 Nxa2 26. Qa1 Bc3 27. Rxc3
Nxc3 28. Qxc3 Rae8 29. Kg2 c5 30. dxc6 bxc6 31. Qd3 c5 32. Nb5 Qc6 33. Qd5 Qe6
34. Nd6 Re5 35. Qc6 Qg6 36. Qc7 R8e7 37. Qd8+ Kh7 38. Bf4 Re2 39. Qc8 Rxc2 40.
Qf5 Qxf5 41. Nxf5 Ree2 42. Ne3 Ra2 43. Kf3 a5 44. Bd6 a4 45. Bxc5 a3 46. Bd4
Rad2 47. Bc3 Rc2 48. Nxc2 Rxc2 49. Bd4 Rxc4 50. Ke3 a2 51. Ra1 Ra4 52. Kd3 g5
53. Bc3 f5 54. Re1 f4 55. g4 Ra6 56. Re7+ Kg8 57. Re1 Kf7 58. Kc2 Kg6 59. Kb2
Rc6 60. Ra1 h5 61. Rxa2 hxg4 62. hxg4 Rc4 63. Kb3 Re4 64. f3 Re3 65. Rf2 Kf7
66. Kc4 Ke6 67. Bd4 Re1 68. Kd3 Kd5 69. Bf6 Re3+ 70. Kd2 Ra3 71. Ke2 Ke6 72.
Bxg5 Ke5 73. Kf1 {#r} 1-0

[Event "23rd Hampstead: U2200"]
[Site "London, England"]
[Date "2014.11.30"]
[Round "4"]
[White "Pepe, Salvatore"]
[Black "Grieve, Harry"]
[Result "1/2-1/2"]
[WhiteElo "1688"]
[BlackElo "1882"]

1. d4 Nf6 2. Nf3 e6 3. c4 d5 4. Nc3 Bb4 5. Qc2 O-O 6. a3 Bxc3+ 7. Qxc3 c5 8.
Bg5 h6 9. Bxf6 Qxf6 10. e3 cxd4 11. Qxd4 Qxd4 12. Nxd4 Nc6 13. Nb5 dxc4 14.
Bxc4 a6 15. Nd6 Rd8 16. Rd1 Ne5 17. Be2 Kf8 18. f4 Nc6 19. Bf3 Ke7 20. Nxc8+
Rdxc8 21. Ke2 Rc7 22. Rc1 Rac8 23. Rc3 Nd8 24. Rxc7+ Rxc7 25. Kd2 b6 26. Be2
a5 27. Bb5 Nb7 28. b4 Nd6 29. Bd3 axb4 30. axb4 Nc4+ 31. Ke2 Nb2 32. Ra1 Nxd3
33. Kxd3 Kd6 34. e4 Kc6 35. Rc1+ Kb7 36. Rc4 Rxc4 37. Kxc4 Kc6 38. g4 f6 39.
h4 e5 40. f5 b5+ 41. Kd3 Kd6 42. Ke3 Ke7 43. Kf3 Kf7 44. g5 hxg5 45. hxg5 fxg5
46. Kg4 Kf6 47. Kh5 g4 48. Kxg4 g6 {#d} 1/2-1/2

[Event "23rd Hampstead: U2200"]
[Site "London, England"]
[Date "2014.11.30"]
[Round "4"]
[White "Baroukh, Leon"]
[Black "Barasi, Paul DI"]
[Result "0-1"]
[WhiteElo "1605"]
[BlackElo "1836"]

1. d4 d5 2. c4 Nc6 3. cxd5 Qxd5 4. Nf3 e5 5. Nc3 Bb4 6. Bd2 Bxc3 7. Bxc3 e4 8.
Nd2 e3 9. fxe3 Nf6 10. e4 Nxe4 11. Nxe4 Qxe4 12. Qd2 Bf5 13. e3 O-O-O 14. Rd1
Rhe8 15. Kf2 Ne5 16. h3 Re6 17. Be2 Rf6 18. Bf3 Nxf3 19. gxf3 Bg4 20. f4 Qf3+
21. Kg1 Qxd1+ 22. Qxd1 Bxd1 23. Kf2 Ba4 24. b3 Bd7 25. h4 Ra6 26. Ra1 Be6 27.
e4 Rc6 28. Rc1 Rxd4 29. Ke3 Rd8 30. f5 Bd7 31. a4 a5 32. Kf4 Be8 33. Ke3 g6
34. f6 Rdd6 35. e5 Rd5 36. Ke4 Rdc5 37. Kd4 Bd7 38. h5 Be6 39. Kd3 Bxb3 40.
Kd4 Be6 41. Kd3 Kd7 42. Kd4 Bf5 43. e6+ Bxe6 44. Kd3 b6 45. Kd4 Bf5 46. Re1
Rd6+ 47. Ke3 Rxc3+ 48. Kf4 Rd4+ 49. Kg5 Be6 50. Kh6 Rcc4 51. Kg7 Rxa4 52. Re5
Rac4 53. Kf8 a4 54. Re3 b5 55. Ra3 Rc2 56. Kg7 Rb2 57. Kf8 Rb3 58. Ra2 a3 59.
Re2 Rb2 60. Re3 b4 61. Re5 Rd5 62. Rg5 Rxg5 63. Kg7 Rxh5 64. Kg8 a2 65. Kg7
a1=Q {#R} 0-1

[Event "23rd Hampstead: U2200"]
[Site "London, England"]
[Date "2014.11.30"]
[Round "4"]
[White "Woltery, Nicolai"]
[Black "Sit, Victoria"]
[Result "0-1"]
[WhiteElo "1738"]
[BlackElo "1632"]

1. d4 d5 2. c4 c6 3. Nf3 Nf6 4. Nc3 a6 5. Bf4 Bg4 6. e3 e6 7. Be2 Be7 8. c5
Nbd7 9. O-O O-O 10. h3 Bh5 11. Nd2 Bxe2 12. Qxe2 Re8 13. e4 dxe4 14. Ndxe4 Nd5
15. Bh2 Nxc3 16. Nxc3 Nf6 17. Rad1 Nd5 18. Nxd5 exd5 19. Rfe1 Qd7 20. Qd3 Bd8
21. Rxe8+ Qxe8 22. Qe3 Qd7 23. Re1 Bf6 24. Bd6 h6 25. Kf1 Qf5 26. Rc1 Bg5 27.
f4 Bh4 28. g4 Qd7 29. Qf3 Re8 30. f5 Re4 31. Rd1 Qe8 32. Rd2 Re3 33. Qf4 Bg3
34. Qxg3 Rxg3 35. Bxg3 Qe3 36. Be1 Qxh3+ 37. Rg2 Qd3+ 38. Re2 Qxd4 39. Re8+
Kh7 40. Re7 Qxc5 41. Rxf7 Qc4+ 42. Kf2 Qf4+ 43. Ke2 Qxg4+ 44. Kf1 Qc4+ 45. Kf2
Qc2+ 46. Kf1 Qxb2 47. a4 d4 48. Bh4 Qb4 49. Rd7 Qb1+ 50. Ke2 Qxf5 51. Rxd4 c5
52. Rc4 b5 53. axb5 axb5 54. Rc3 Qe4+ 55. Kd2 Qd4+ 56. Kc2 Qxh4 57. Kb3 c4+
58. Kb2 b4 59. Rc2 Qd4+ 60. Kc1 b3 61. Rd2 Qa1# 0-1

[Event "23rd Hampstead: U2200"]
[Site "London, England"]
[Date "2014.11.30"]
[Round "4"]
[White "Mospan, Edward"]
[Black "Norman, Nigel"]
[Result "0-1"]
[WhiteElo "1259"]
[BlackElo "1735"]

1. f4 d5 2. e3 Nf6 3. Nf3 g6 4. b3 Bg7 5. Bb2 O-O 6. Be2 c5 7. d3 Nc6 8. Nbd2
Ng4 9. Bxg7 Nxe3 10. Qb1 Kxg7 11. Nh4 e5 12. g3 exf4 13. Ndf3 Re8 14. Qb2+ Kg8
15. gxf4 Qe7 16. Kd2 Nxc2 17. Qxc2 Qxe2+ 18. Kc1 Bg4 19. Qxe2 Rxe2 20. Ne5
Nxe5 21. fxe5 Rxe5 22. Rg1 Bf5 23. Kd2 Rae8 24. Rac1 d4 25. Rg2 Bh3 26. Rf2
Bg4 27. Rg1 Re2+ 28. Rxe2 Rxe2+ 29. Kc1 Be6 30. Kb1 Rxh2 31. Nf3 Rf2 32. Ne5
Bf5 33. Rc1 f6 34. Nc4 Bxd3+ 35. Ka1 Bxc4 36. bxc4 d3 37. Rd1 d2 38. Kb2 h5
{#R} 0-1

[Event "23rd Hampstead: U2200"]
[Site "London, England"]
[Date "2014.11.30"]
[Round "4"]
[White "Murugesh, Kishore"]
[Black "Pride, Stephen"]
[Result "1/2-1/2"]
[WhiteElo "1360"]
[BlackElo "1708"]

1. e4 d6 2. d4 Nf6 3. Nc3 Nc6 4. d5 Nb8 5. Nf3 g6 6. Be3 Bg7 7. Qd2 c6 8. dxc6
Nxc6 9. Bh6 Bxh6 10. Qxh6 Qb6 11. O-O-O Bg4 12. Qe3 Qxe3+ 13. fxe3 O-O-O 14.
h3 Bd7 15. Bd3 h6 16. Kb1 Kb8 17. Nd5 Nxd5 18. exd5 Nb4 19. Bc4 Rc8 20. Bb3
Na6 21. c3 Bf5+ 22. Bc2 Bxc2+ 23. Kxc2 Rc5 24. e4 Rhc8 25. Rhf1 Rf8 26. a3
Rcc8 27. Rf2 Nc5 28. Re2 Rcd8 29. Nd4 Nd7 30. b4 Ne5 31. Nf3 Nxf3 32. gxf3 Rc8
33. Kb3 Rc7 34. Rc2 Rfc8 35. Rd4 b5 {#d} 1/2-1/2

[Event "23rd Hampstead: U2200"]
[Site "London, England"]
[Date "2014.11.30"]
[Round "4"]
[White "Nayak, Raghav"]
[Black "Covey, Jason"]
[Result "1-0"]
[WhiteElo "1697"]
[BlackElo "1538"]

1. e4 e6 2. d4 d5 3. Nd2 Nf6 4. e5 Nfd7 5. f4 c5 6. c3 Nc6 7. Ndf3 Qb6 8. Ne2
Be7 9. g3 O-O 10. Bh3 Ndb8 11. O-O Na6 12. Kg2 f6 13. Qc2 cxd4 14. Nexd4 fxe5
15. Nxc6 bxc6 16. fxe5 Nc5 17. Be3 Qb5 18. Nd4 Qa6 19. b4 Ne4 20. Nxe6 Rxf1
21. Rxf1 Qc4 22. Bd4 Bxb4 23. Bf5 Be7 24. Bxe4 Bxe6 25. Bxh7+ Kh8 26. Bd3 {#r}
1-0

[Event "23rd Hampstead: U2200"]
[Site "London, England"]
[Date "2014.11.30"]
[Round "4"]
[White "Davies, Cledwyn"]
[Black "Sanitt, Leo"]
[Result "1-0"]
[WhiteElo "1727"]
[BlackElo "1520"]

1. e4 d5 2. exd5 Qxd5 3. Nf3 Nf6 4. c4 Qa5 5. Nc3 Bg4 6. h3 Bh5 7. Be2 e6 8.
g4 Bg6 9. d4 Ne4 10. O-O Nxc3 11. bxc3 Qxc3 12. Qa4+ c6 13. Bd2 Qc2 14. Qa5 b6
15. Qe5 Qe4 16. Qc7 Be7 17. Rfe1 Bd8 18. Qb7 c5 19. d5 Nd7 20. Qxa8 O-O 21.
Qxa7 Bf6 22. Bd1 Qxc4 23. Bb3 Qd3 24. Re3 Qb5 25. a4 {#r} 1-0

[Event "23rd Hampstead: U2200"]
[Site "London, England"]
[Date "2014.11.30"]
[Round "4"]
[White "Samadov, Samir"]
[Black "Oliveri, Claudio"]
[Result "0-1"]
[WhiteElo "1600"]
[BlackElo "1708"]

1. e4 c5 2. c3 e6 3. d4 d5 4. e5 Nc6 5. f4 Nh6 6. Nf3 Bd7 7. Bd3 Qb6 8. Bc2
cxd4 9. cxd4 Nf5 10. Bxf5 exf5 11. O-O Rc8 12. b3 Nb4 13. a3 Nc2 14. Ra2 Qxb3
15. Rb2 Qa4 16. Qd3 Qa6 17. Qb3 Qc4 18. Qxb7 Nxd4 19. Be3 Ne2+ 20. Kf2 Nxf4
21. Rb3 Nd3+ 22. Kg1 Bc5 23. Rxd3 Qxd3 24. Bxc5 Rxc5 25. Qb8+ Rc8 26. Qd6 Qc2
27. Qa6 Qc5+ 28. Kh1 Bb5 29. Qa5 Bxf1 30. Qe1 Qc1 31. Qxc1 Rxc1 32. Nbd2 Be2+
33. Ng1 O-O 34. Nb3 Rb1 35. Nd4 Bc4 36. Nxf5 Re8 37. Nxg7 Kxg7 38. e6 fxe6 39.
a4 d4 40. a5 d3 41. a6 d2 42. g3 d1=Q 43. g4 Qxg1# 0-1

[Event "23rd Hampstead: U2200"]
[Site "London, England"]
[Date "2014.11.30"]
[Round "4"]
[White "Rubandhas, Samprabhu"]
[Black "Desai, Nilomi"]
[Result "1-0"]
[WhiteElo "1682"]
[BlackElo "1405"]

1. d4 c6 2. Nf3 d5 3. e3 Nf6 4. Bd3 Bg4 5. Nbd2 e6 6. O-O Bd6 7. Re1 Qb6 8. c3
O-O 9. e4 dxe4 10. Nxe4 Nxe4 11. Rxe4 c5 12. Rxg4 f5 13. Rh4 Nc6 14. Ng5 Be7
15. Rxh7 Rf6 16. Qh5 Rh6 17. Qf7# 1-0

[Event "23rd Hampstead: U2200"]
[Site "London, England"]
[Date "2014.11.30"]
[Round "4"]
[White "Sartain, Patrick P"]
[Black "Gee Grant, Aimee"]
[Result "1-0"]
[WhiteElo "1622"]
[BlackElo "1225"]

1. e4 c5 2. f4 g6 3. Nf3 d6 4. Be2 Nc6 5. O-O Bg7 6. c3 Nf6 7. d3 O-O 8. Nh4
Bd7 9. f5 e5 10. Bg5 h6 11. Be3 Ng4 12. Bxg4 Qxh4 13. Nd2 b5 14. g3 Qe7 15. f6
Bxf6 16. Rxf6 Qxf6 17. Bxd7 Nb8 18. Bxb5 a6 19. Bc4 Kh7 20. Bd5 Ra7 21. b4 Rc7
22. bxc5 dxc5 23. Nc4 Nd7 24. Qd2 g5 25. Rf1 Qg6 26. Rf5 Nf6 27. Nxe5 Qg7 28.
Bxg5 hxg5 29. Rxg5 Qh6 30. Qf4 Nxd5 31. Qf5+ Kh8 32. Rh5 Qxh5 33. Qxh5+ Kg8
34. exd5 f6 35. Ng4 f5 36. Nh6+ Kh8 37. Nxf5+ Rh7 38. Qg6 a5 39. d6 a4 40. Qe6
a3 41. d7 Rb8 42. Qe8+ Rxe8 43. dxe8=Q# 1-0

[Event "23rd Hampstead: U2200"]
[Site "London, England"]
[Date "2014.11.30"]
[Round "4"]
[White "Goldsmith, Jennifer"]
[Black "Gribben, Chris"]
[Result "0-1"]
[WhiteElo "1480"]
[BlackElo "1617"]

1. d4 d5 2. Nf3 Nf6 3. Bf4 Bf5 4. Nbd2 e6 5. Nh4 Bg6 6. Nxg6 hxg6 7. h3 Nbd7
8. e3 c5 9. c3 cxd4 10. cxd4 Bb4 11. a3 Ba5 12. b4 Bb6 13. Rc1 a6 14. Be2 Rc8
15. O-O O-O 16. Qb3 Bc7 17. Bxc7 Rxc7 18. Qb1 Nb6 19. Rfd1 Qd7 20. Rc2 Rfc8
21. Rdc1 Na4 22. Rxc7 Rxc7 23. Rxc7 Qxc7 24. Bd3 Qc3 25. Nb3 Nb2 26. Bc2 Nd7
27. Bxg6 Qxb3 28. Kh2 fxg6 29. Qxg6 Nf8 {#R} 0-1

[Event "23rd Hampstead: U2200"]
[Site "London, England"]
[Date "2014.11.30"]
[Round "4"]
[White "Remus Eliot, Luke"]
[Black "Gladstone, Joel"]
[Result "1-0"]
[WhiteElo "1423"]
[BlackElo "1575"]

1. e4 e6 2. d4 b6 3. c4 Bb7 4. f3 Bxe4 5. fxe4 Qh4+ 6. Kd2 Bb4+ 7. Nc3 Qxe4 8.
Nf3 Nc6 9. Qe2 Nf6 10. Qxe4 Nxe4+ 11. Kc2 f5 12. Bf4 O-O 13. Nb5 h6 14. Nxc7
Rac8 15. Nb5 d5 16. a3 dxc4 17. axb4 Nxb4+ 18. Kb1 c3 19. bxc3 Nxc3+ 20. Nxc3
Rxc3 21. Kb2 Rfc8 22. Rc1 Rxc1 23. Bxc1 Rc2+ 24. Kb1 Rc3 25. Bb2 Re3 26. Bc4
a5 27. Re1 f4 28. Bxe6+ Kf8 29. Rxe3 fxe3 30. Ba3 e2 31. Bxb4+ axb4 32. Bc4
{#r} 1-0

[Event "23rd Hampstead: U2200"]
[Site "London, England"]
[Date "2014.11.30"]
[Round "4"]
[White "Sanitt, Ethan"]
[Black "Winter, Malcolm J"]
[Result "0-1"]
[WhiteElo "1582"]
[BlackElo "1538"]

1. c4 e6 2. Nc3 Nf6 3. g3 d5 4. cxd5 exd5 5. Bg2 Be7 6. Qb3 c6 7. d4 O-O 8.
Bg5 Nbd7 9. Nf3 h6 10. Bf4 Nh5 11. Bd2 Nhf6 12. Rc1 Qb6 13. Qc2 Re8 14. Na4
Qa6 15. e3 Qc4 16. Qxc4 dxc4 17. Nc3 b5 18. Nh4 b4 19. Ne2 Bb7 20. Rxc4 Nd5
21. Bxd5 cxd5 22. Rc7 Bc8 23. Nf3 Bd6 24. Rc6 Bf8 25. O-O a5 26. Nf4 Nf6 27.
Ne5 Ne4 28. Rd1 Be6 29. Nxe6 Rxe6 30. Rxe6 fxe6 31. Ng6 Rc8 32. Rc1 Rc4 33.
Rxc4 dxc4 34. Be1 c3 35. bxc3 Nxc3 36. Nxf8 Kxf8 37. a3 Ne2+ 38. Kf1 b3 39.
Bc3 Nxc3 {#R} 0-1

[Event "23rd Hampstead: U2200"]
[Site "London, England"]
[Date "2014.11.30"]
[Round "4"]
[White "Seman, Myroslav"]
[Black "Shah, Tej"]
[Result "1-0"]
[WhiteElo "1471"]
[BlackElo "1555"]

1. d4 Nf6 2. c4 g6 3. Nc3 Bg7 4. e4 d6 5. Bd3 O-O 6. Nge2 Nbd7 7. O-O b6 8. f3
Bb7 9. Be3 c5 10. d5 e5 11. Qd2 Nh5 12. g4 Nhf6 13. Bg5 Qe8 14. h4 h5 15. Nb5
Qb8 16. gxh5 a6 17. hxg6 axb5 18. gxf7+ Kxf7 19. cxb5 Rg8 20. Kf2 Qc7 21. b3
Raf8 22. Ng3 Ke8 23. Nf5 Rf7 24. Rg1 Bc8 25. a4 Nh7 26. Bh6 Ndf6 27. Nxg7+
Rgxg7 28. Bxg7 Rxg7 29. Qh6 Rxg1 30. Rxg1 Qf7 31. Qg7 Nf8 32. Ke2 N6h7 33.
Qxf7+ Kxf7 34. h5 Nd7 35. h6 Nhf6 36. Rg7+ Kf8 37. Ke3 Nh5 38. Rg6 Ndf6 39.
Bf1 Kf7 40. Rg1 Bd7 41. a5 bxa5 42. b6 Bc8 43. Bb5 Nd7 44. Bxd7 Bxd7 45. b7 c4
46. bxc4 a4 47. b8=Q a3 48. Qxd6 a2 49. Qxd7+ Kf6 50. Qe6# 1-0

[Event "23rd Hampstead: U2200"]
[Site "London, England"]
[Date "2014.11.30"]
[Round "4"]
[White "Isaksen, Peter A"]
[Black "Zhao, Haolin"]
[Result "1-0"]
[WhiteElo "1540"]
[BlackElo "1457"]

1. e4 c5 2. c3 g6 3. d4 cxd4 4. cxd4 d5 5. exd5 Nf6 6. Nf3 Nxd5 7. Bc4 Bg7 8.
O-O O-O 9. Nc3 Be6 10. Qb3 Nxc3 11. bxc3 Bxc4 12. Qxc4 Nc6 13. Bf4 Rc8 14. Qb5
b6 15. Rac1 Re8 16. d5 Na5 17. c4 Rc5 18. Qa4 Qc8 19. Ne5 Rd8 20. Nc6 Nxc6 21.
dxc6 Rxc6 22. Rcd1 Rxd1 23. Rxd1 Rxc4 24. Qxc4 Qxc4 25. Rd8+ Bf8 26. Bh6 Qc1+
27. Bxc1 Kg7 28. Bh6+ Kxh6 29. Rxf8 f6 30. Ra8 a5 31. Ra6 e5 32. Rxb6 f5 33.
Rb5 e4 34. Rxa5 f4 35. a4 e3 36. fxe3 fxe3 37. Re5 e2 38. Rxe2 g5 39. a5 g4
40. Re5 g3 41. hxg3 Kg6 42. a6 h5 43. a7 h4 44. a8=Q h3 45. Qc6+ Kf7 46. Qe6+
Kg7 47. Rg5+ Kh7 48. Qxh3# 1-0

[Event "23rd Hampstead: U2200"]
[Site "London, England"]
[Date "2014.11.30"]
[Round "5"]
[White "Kalavannan, Koby"]
[Black "Peiris, T G M."]
[Result "1/2-1/2"]
[WhiteElo "1918"]
[BlackElo "2096"]

1. d4 Nf6 2. Nf3 e6 3. c4 Bb4+ 4. Bd2 a5 5. a3 Be7 6. Nc3 d5 7. e3 O-O 8. Bd3
Na6 9. O-O c5 10. cxd5 exd5 11. Rc1 c4 12. Bb1 Re8 13. Ne5 Nc7 14. f4 Ne6 15.
g4 g6 16. g5 Nh5 17. h4 Nc7 18. f5 Rf8 19. Ng4 Ng3 20. Nh6+ Kh8 21. Rf3 Nxf5
22. Nxf5 gxf5 23. Bxf5 f6 24. Bxc8 Qxc8 25. Rg3 fxg5 26. hxg5 Bd6 27. Rg2 Qe6
28. Qh5 Rf5 29. Qh4 Rg8 30. Kh1 Rg6 31. e4 Rf3 32. Kg1 Be7 33. exd5 Nxd5 34.
Re1 Ne3 35. Qh5 Rh3 36. Qe2 Bxg5 37. Qf2 Kg7 38. d5 Qe5 39. Nd1 Nxd1 40. Rxe5
Nxf2 41. Rgxg5 Rd3 42. Bc3 Nh3+ 43. Kh2 Nxg5 44. Rxg5+ Kf7 45. Rf5+ Ke7 46.
Bxa5 Kd6 47. Bb4+ Kc7 48. Rf7+ Kb6 49. d6 Rd5 50. Rxh7 Rgxd6 51. Bxd6 Rxd6 52.
Kg3 Rd2 53. Rh4 Kb5 54. a4+ Kb4 55. Rh7 Rxb2 56. Rxb7+ Kc3 57. Rxb2 Kxb2 58.
a5 c3 59. a6 c2 60. a7 c1=Q 61. a8=Q Qg1+ 62. Qg2+ {#d} 1/2-1/2

[Event "23rd Hampstead: U2200"]
[Site "London, England"]
[Date "2014.11.30"]
[Round "5"]
[White "Haridas, Girinath"]
[Black "Gaudeau, Valentin"]
[Result "1/2-1/2"]
[WhiteElo "1815"]
[BlackElo "1986"]

1. d4 Nf6 2. c4 e6 3. Nc3 Bb4 4. e3 b6 5. Nge2 Ne4 6. Qc2 Bb7 7. a3 Bxc3+ 8.
Nxc3 Nxc3 9. Qxc3 O-O 10. f3 Qh4+ 11. g3 Qh5 12. e4 f5 13. Bg2 d6 14. Be3 fxe4
15. fxe4 Nd7 16. d5 Rae8 17. Kd2 Ne5 18. Bd4 exd5 19. cxd5 Ba6 20. Rae1 Nf3+
21. Bxf3 Rxf3 22. Re3 Ref8 23. Rhe1 Qxh2+ 24. Kc1 Qxg3 25. Rxf3 Qxf3 26. Bxg7
Qxc3+ 27. Bxc3 Rf1 28. Rxf1 Bxf1 29. Kd2 Kf7 30. Ke3 Bg2 31. Kd4 Ke8 32. e5
dxe5+ 33. Kxe5 Kd7 34. Be1 h5 35. Bh4 c6 36. dxc6+ Kxc6 37. Kf4 Kd5 38. Bf6
Kc4 39. Bc3 {#d} 1/2-1/2

[Event "23rd Hampstead: U2200"]
[Site "London, England"]
[Date "2014.11.30"]
[Round "5"]
[White "Dignam, Matthew"]
[Black "Jaunooby, Ali R"]
[Result "0-1"]
[WhiteElo "2136"]
[BlackElo "2175"]

1. d4 Nf6 2. c4 c5 3. e3 cxd4 4. exd4 d5 5. Nc3 Nc6 6. Be3 g6 7. h3 Bg7 8. Nf3
O-O 9. Bd3 Nb4 10. Be2 Bf5 11. Rc1 Qa5 12. Qd2 dxc4 13. Bxc4 Rac8 14. Qe2 b5
15. Bxb5 Nxa2 16. Ra1 Rxc3 17. Bd2 Qb4 18. bxc3 Nxc3 19. Qc4 Qxb5 20. Qxc3 Ne4
21. Qb4 Qd3 22. Ra3 Qc2 23. O-O Nxd2 24. Nxd2 Qc7 25. Rfa1 Rb8 26. Qa4 Qd6 27.
Nf3 Be4 28. Rd1 Rd8 29. Ng5 Bc2 30. Qxc2 Qxa3 31. Qc4 e6 32. Qc7 Rf8 33. d5
Qb3 34. Re1 Qxd5 35. h4 a5 36. Re3 h6 37. Nf3 a4 38. Ne5 a3 39. Nc6 Qd1+ {#R}
0-1

[Event "23rd Hampstead: U2200"]
[Site "London, England"]
[Date "2014.11.30"]
[Round "5"]
[White "Kovacs, Zoltan"]
[Black "Anbukumar, Hajane"]
[Result "0-1"]
[WhiteElo "2032"]
[BlackElo "1824"]

1. e4 c5 2. Nc3 a6 3. f4 e6 4. Nf3 d5 5. d3 Nc6 6. g3 g6 7. Bg2 Bg7 8. O-O
Nge7 9. a4 O-O 10. e5 b6 11. g4 Qc7 12. Ne2 f5 13. h3 Bb7 14. c3 Rad8 15. d4
c4 16. Be3 Na5 17. Bf2 Nb3 18. Ra3 Rde8 19. Bh4 Nc8 20. Nd2 Nxd2 21. Qxd2 b5
22. axb5 axb5 23. Rfa1 Nb6 24. Ng3 Ra8 25. gxf5 gxf5 26. Nh5 Rxa3 27. Rxa3 Ra8
28. Rxa8+ Bxa8 29. Bf3 Qf7 30. Qg2 Qg6 31. Nxg7 Kxg7 32. Bg3 Bc6 33. Kh2 Na4
34. Qe2 Kf8 35. Bh4 Be8 36. Bg5 Qg7 37. Qc2 Nb6 38. Bd8 Nc8 39. Qb1 Qa7 40.
Bg5 Bg6 41. Kg3 Kg8 42. Kh4 Nb6 43. Bh5 Na4 44. Qa1 Qd7 45. Bf6 Qe8 46. Bd1
Kf7 47. Qa2 Kg8 48. Qa1 Kf7 49. Bf3 Kg8 50. Kg5 Qf7 51. h4 Qd7 52. Qa3 Be8 53.
h5 Kf7 54. h6 Kg8 55. Bg7 Qf7 56. Kh4 Nb6 57. Kg3 Nd7 58. Qd6 Qg6+ 59. Kf2 Qf7
60. Bd1 Qg6 61. Be2 Qf7 62. Ke1 Qg6 63. Kd2 Qf7 64. Kc2 Qg6 65. Kb1 Qf7 66.
Ka2 Nf8 67. Bxf8 Qxf8 68. Qxe6+ Bf7 69. Qxf5 Qa8+ {#R} 0-1

[Event "23rd Hampstead: U2200"]
[Site "London, England"]
[Date "2014.11.30"]
[Round "5"]
[White "Landau, Jonathan"]
[Black "Prior, Stephen CV"]
[Result "0-1"]
[WhiteElo "1966"]
[BlackElo "2018"]

1. e4 c5 2. Nc3 g6 3. f4 Bg7 4. Nf3 Nc6 5. Bb5 Nd4 6. O-O Nxb5 7. Nxb5 Qb6 8.
c4 d6 9. d3 Nf6 10. Qe1 O-O 11. Qh4 a6 12. Nc3 e6 13. f5 exf5 14. Nd5 Nxd5 15.
cxd5 c4+ 16. d4 fxe4 17. Qxe4 Bf5 18. Qh4 Bd3 19. Re1 Rfe8 20. Bh6 Qxb2 21.
Bxg7 Kxg7 22. Ng5 h6 23. Nxf7 Kxf7 24. Rf1+ Kg8 25. Qg4 h5 26. Qg5 Qxd4+ 27.
Kh1 Bxf1 28. Rxf1 Qd3 29. Qf6 Rf8 30. Qe6+ Kh8 31. Rg1 Rad8 32. Qe7 Qxd5 33.
Qe3 Kh7 34. Qe7+ Qf7 35. Qg5 d5 36. h3 d4 37. Re1 Rde8 38. Rb1 d3 39. Qd2 Re2
40. Qg5 d2 41. Qg3 Re1+ {#R} 0-1

[Event "23rd Hampstead: U2200"]
[Site "London, England"]
[Date "2014.11.30"]
[Round "5"]
[White "Taylor, Adam C"]
[Black "Anilkumar, Anantha P"]
[Result "1-0"]
[WhiteElo "2048"]
[BlackElo "1727"]

1. c4 Nf6 2. Nc3 d5 3. cxd5 Nxd5 4. g3 g6 5. Bg2 Nxc3 6. bxc3 Bg7 7. h4 h5 8.
Rb1 Nd7 9. Nf3 c6 10. O-O O-O 11. d4 Nf6 12. Nd2 Qc7 13. Nc4 Be6 14. Bf4 Qc8
15. Qd3 Bh3 16. Be5 Bxg2 17. Kxg2 c5 18. d5 Qd7 19. Rfd1 Rfd8 20. e4 Rac8 21.
Qe2 Ne8 22. Bxg7 Kxg7 23. Qb2 Rb8 24. Ne5 Qc7 25. c4 Kg8 26. Nf3 Nd6 27. Qc2
a6 28. a4 b5 29. axb5 axb5 30. cxb5 Rxb5 31. Rxb5 Nxb5 32. e5 Kh7 33. Qc4 Rb8
34. Qf4 Kg7 35. Ng5 Rf8 36. Qc4 Rb8 37. Qf4 Rf8 38. d6 Qc6+ 39. Kh2 exd6 40.
Qf6+ Kg8 41. e6 {#r} 1-0

[Event "23rd Hampstead: U2200"]
[Site "London, England"]
[Date "2014.11.30"]
[Round "5"]
[White "Norman, Nigel"]
[Black "Briggs, John Nicholas"]
[Result "0-1"]
[WhiteElo "1735"]
[BlackElo "1979"]

1. Nf3 Nf6 2. g3 d5 3. Bg2 c6 4. O-O Bg4 5. d3 Nbd7 6. Nbd2 e5 7. e4 dxe4 8.
dxe4 Be7 9. Re1 Qc7 10. b3 O-O 11. Bb2 Rfe8 12. Qe2 a5 13. h3 Bh5 14. g4 Bg6
15. Nh4 a4 16. Nxg6 hxg6 17. Nf3 Bb4 18. c3 Bf8 19. Ng5 a3 20. Bc1 b5 21. Be3
Bc5 22. Red1 Bxe3 23. Qxe3 Nh7 24. Nxh7 Kxh7 25. Rd2 Rad8 26. Rad1 Nf8 27. Bf1
Ne6 28. Qg3 Rxd2 29. Rxd2 Rd8 30. Rxd8 Qxd8 31. Qe3 Qd1 32. Qe2 Qc1 33. c4 Nd4
34. Qe3 Qb2 35. cxb5 cxb5 36. Qg3 g5 {#R} 0-1

[Event "23rd Hampstead: U2200"]
[Site "London, England"]
[Date "2014.11.30"]
[Round "5"]
[White "Sit, Victoria"]
[Black "Hayward, Alan"]
[Result "0-1"]
[WhiteElo "1632"]
[BlackElo "1966"]

1. d4 d5 2. c4 Nc6 3. Nc3 Nf6 4. Nf3 Bg4 5. e3 e6 6. Be2 Bd6 7. c5 Be7 8. a3
O-O 9. b4 a6 10. O-O Re8 11. Qc2 Bf5 12. Bd3 Bxd3 13. Qxd3 Bf8 14. Ne5 Nxe5
15. dxe5 Ng4 16. Qd4 Qg5 17. f4 Qh4 18. h3 Nh6 19. e4 dxe4 20. Qxe4 b6 21.
cxb6 cxb6 22. Be3 b5 23. Ne2 Nf5 24. Bf2 Qe7 25. g4 Nh6 26. Nd4 g6 27. Kh2
Red8 28. Nc6 Qb7 29. Bh4 Rd5 30. Rac1 a5 31. f5 axb4 32. fxe6 fxe6 33. Rxf8+
Kxf8 34. Qf4+ Nf7 35. Be7+ Kg8 36. Bxb4 Rd7 37. Qf6 Re8 38. Na5 Qe4 39. Re1
Qc2+ 40. Kg1 Rd3 41. Qf4 Ng5 42. Re3 Rd1+ 43. Be1 Rxe1+ 44. Rxe1 Nxh3+ {#R}
0-1

[Event "23rd Hampstead: U2200"]
[Site "London, England"]
[Date "2014.11.30"]
[Round "5"]
[White "Barasi, Paul DI"]
[Black "Nayak, Raghav"]
[Result "1-0"]
[WhiteElo "1836"]
[BlackElo "1697"]

1. d4 g6 2. e4 Bg7 3. Nc3 d6 4. Be3 Nf6 5. f3 Nbd7 6. Qd2 c5 7. Nge2 cxd4 8.
Nxd4 a6 9. g4 Qc7 10. g5 Ng8 11. Nd5 Qd8 12. c4 e6 13. Nc3 Ne7 14. h4 Nb6 15.
O-O-O d5 16. Nc2 O-O 17. cxd5 exd5 18. Qf2 Nd7 19. Nxd5 Nxd5 20. Rxd5 b5 21.
Bd4 Qc7 22. Bxg7 Kxg7 23. Qd4+ Kg8 24. Rd6 Qc5 25. Rxd7 Qxd4 26. Rxd4 Be6 27.
Nb4 Rac8+ 28. Kb1 a5 29. Nd5 Bxd5 30. exd5 Rfe8 31. Bxb5 Re3 32. d6 Rxf3 33.
d7 Rd8 34. Re1 {#r} 1-0